Top 5 Länder nach Einwohner (absteigende Reihenfolge) - Statistiken

Allgemein
  • Dieses Quiz wurde 8 mal gespielt
  • Das Durchschnittsergebnis liegt bei 4 aus 5
Antwortstatistiken
Anzahl Einwohner (2022) Länder % Korrekt
1'436'600'000 China
100%
1'417'200'000 Indien
100%
332'800'000 Vereinigte Staaten
100%
275'500'000 Indonesien
63%
235'800'000 Pakistan
38%
Keine übereinstimmenden Quizze gefunden
Verteilung der Resultate
Anzahl Personen mit jedem Resultat
Perzentil nach korrekt beantworteten Fragen
Ihre Resultats-Entwicklung
Sie haben dieses Quiz noch nicht gespielt